000 00212nam a22000857a 4500
008 170109b xxu||||| |||| 00| 0 eng d
100 _92283
_aGoel.D.K.etal.
245 _aAccountancy-XI
260 _aNew Delhi
_bAPC
_c2011
999 _c5178
_d5178